| Tag |
First Indicator |
Second Indicator |
Subfields |
| LEADER |
00000cam a2200000 i 4500 |
| 001 |
in00000078343 |
| 005 |
20151008052801.0 |
| 008 |
790611s1978 sz a b i10010 eng |
| 010 |
|
|
|a 79306461
|
| 020 |
|
|
|a 9263105103
|
| 035 |
|
|
|a (OCoLC)04305552
|
| 035 |
|
|
|9 AAH4863AM
|
| 040 |
|
|
|a DLC
|c DLC
|d TXA
|d UtOrBLW
|
| 049 |
|
|
|a TXAM
|c [1651951]
|
| 050 |
0 |
0 |
|a QC851
|b .W6445 no. 510
|a TD881
|
| 082 |
0 |
|
|a 551.5/08 s
|a 628.5/3
|
| 090 |
|
|
|a TD881
|b .W75 1978
|
| 111 |
2 |
|
|a WMO Symposium on Boundary Layer Physics Applied to Specific Problems of Air Pollution
|d (1978 :
|c Norrkoping)
|
| 245 |
1 |
0 |
|a Papers presented at the WMO Symposium on Boundary Layer Physics Applied to Specific Problems of Air Pollution, Norrkoping, 19-23 June 1978.
|
| 264 |
|
1 |
|a Geneva :
|b Secretariat of the World Meteorological Organization,
|c 1978.
|
| 300 |
|
|
|a vi, 322 pages :
|b illustrations ;
|c 28 cm.
|
| 336 |
|
|
|a text
|b txt
|2 rdacontent
|
| 337 |
|
|
|a unmediated
|b n
|2 rdamedia
|
| 338 |
|
|
|a volume
|b nc
|2 rdacarrier
|
| 490 |
0 |
|
|a WMO [publications] ; no 510
|
| 504 |
|
|
|a Includes bibliographies.
|
| 650 |
|
0 |
|a Air
|x Pollution
|v Congresses.
|
| 650 |
|
0 |
|a Boundary layer (Meteorology)
|x Congresses.
|
| 710 |
2 |
|
|a World Meteorological Organization.
|
| 830 |
|
0 |
|a WMO (Series) ;
|v no. 510.
|
| 999 |
|
|
|a MARS
|
| 999 |
f |
f |
|s 7f692672-1a33-3a90-8021-c1168cac4dd0
|i b1f939b2-91d5-37f5-b34b-89bb5795bf17
|t 0
|
| 952 |
f |
f |
|p ric
|a Texas A&M University
|b Rellis Campus
|c Joint Library Facility
|d Remote Storage
|t 0
|e TD881 .W75 1978
|h Library of Congress classification
|i unmediated -- volume
|m A14805369058
|
| 998 |
f |
f |
|a TD881 .W75 1978
|t 0
|l Remote Storage
|